Logic design principles : (Record no. 183914)
[ view plain ]
| 000 -LEADER | |
|---|---|
| fixed length control field | 01047 a2200205 4500 |
| 003 - CONTROL NUMBER IDENTIFIER | |
| control field | Nust |
| 005 - DATE AND TIME OF LATEST TRANSACTION | |
| control field | 20230317115054.0 |
| 010 ## - LIBRARY OF CONGRESS CONTROL NUMBER | |
| LC control number | 85028306 |
| 020 ## - INTERNATIONAL STANDARD BOOK NUMBER | |
| International Standard Book Number | 0135397847 : |
| 040 ## - CATALOGING SOURCE | |
| Transcribing agency | Nust |
| 082 00 - DEWEY DECIMAL CLASSIFICATION NUMBER | |
| Classification number | 621.395,MCC |
| 100 1# - MAIN ENTRY--PERSONAL NAME | |
| Personal name | McCluskey, Edward J., |
| 9 (RLIN) | 66646 |
| 245 10 - TITLE STATEMENT | |
| Title | Logic design principles : |
| Remainder of title | with emphasis on testable semicustom circuits / |
| Statement of responsibility, etc. | Edward J. McCluskey. |
| 260 ## - PUBLICATION, DISTRIBUTION, ETC. | |
| Place of publication, distribution, etc. | Englewood Cliffs, N.J. : |
| Name of publisher, distributor, etc. | Prentice-Hall, |
| Date of publication, distribution, etc. | c1986. |
| 300 ## - PHYSICAL DESCRIPTION | |
| Extent | xix, 549 p. : |
| Other physical details | ill. ; |
| Dimensions | 25 cm. |
| 505 ## - FORMATTED CONTENTS NOTE | |
| Formatted contents note | Number systems and Codes (Page-1), Switching Algebra (Page-29), Analysis of Combinational Circuits (Page-68), Integrated circuits (Page-99), Switching Algebra Special Properties (Page-164), Combinational Circuits Design (Page-191), Sequential Circuits fundamental Al Mode Analysis (Page-273), Analysis of Pluse Mode Sequential (Page-328), Sequential Circuit Synthesis (Page-376), Design for Testability (Page-424), Semicustom and MSI Design (Page-489). |
| 650 #0 - SUBJECT ADDED ENTRY--TOPICAL TERM | |
| Topical term or geographic name entry element | Logic circuits. |
| 9 (RLIN) | 17982 |
| 650 #0 - SUBJECT ADDED ENTRY--TOPICAL TERM | |
| Topical term or geographic name entry element | Logic design. |
| 9 (RLIN) | 17983 |
| 942 ## - ADDED ENTRY ELEMENTS (KOHA) | |
| Source of classification or shelving scheme | |
| Koha item type | Book |
| Withdrawn status | Lost status | Source of classification or shelving scheme | Damaged status | Not for loan | Permanent Location | Current Location | Shelving location | Date acquired | Full call number | Barcode | Date last seen | Price effective from | Koha item type | Public note |
|---|---|---|---|---|---|---|---|---|---|---|---|---|---|---|
| Military College of Signals (MCS) | Military College of Signals (MCS) | General Stacks | 12/12/2016 | 621.395,MCC | MCS1041 | 12/08/2016 | 12/12/2016 | Book | Almirah No.74, Shelf No.5 |
